000 00325nam a2200121 i 4500
001 bg
245 0 _aKoszty i inne uwarunkowania ekonomicznej efektywności chemicznych zabiegów ochrony roślin.
260 _aWarszawa,
_c1989.
040 _cBPK
041 _apol
942 _cKS
008 s pl f |000 0 pol
999 _c28826
_d28826
856 _uhttp://koha.tu.koszalin.pl/cgi-bin/koha/opac-detail.pl?biblionumber=28826
_yKatalog online BPK